|
|
|
|
| LEADER |
00000nam0a2200000 4500 |
| 001 |
93763 |
| 005 |
20231101213916.0 |
| 035 |
|
|
|a (RuTPU)RU\TPU\book\100377
|
| 090 |
|
|
|a 93763
|
| 100 |
|
|
|a 20060403d2007 m y0gery50 ba
|
| 101 |
0 |
|
|a ger
|
| 102 |
|
|
|a RU
|
| 105 |
|
|
|a a j 001zy
|
| 200 |
1 |
|
|a Miteinander leben in der Welt
|e учебно-методическое пособие
|f Т. И. Тимофеева
|g Томский политехнический университет (ТПУ), Институт языковой коммуникации (ИЯК)
|
| 210 |
|
|
|a Томск
|c Изд-во ТПУ
|d 2007
|
| 215 |
|
|
|a 70 с.
|c ил.
|
| 225 |
1 |
|
|a Учебники Томского политехнического университета
|
| 320 |
|
|
|a Список использованных источников: с. 68-70.
|
| 330 |
|
|
|a Учебно-методическое пособие предназначено для студентов старших курсов ИЯК, изучающих немецкий язык как основной и как второй иностранный и рассчитано примерно на 102 часа учебных занятий. Оно включает в себя подборку аутентичных материалов с заданиями к ним, которые направлены на совершенствование навыков речи по темам, наиболее актуальным сегодня не только в России, но и во всём мире. В процессе разработки тем студенты познакомятся с различными точками зрения, будут иметь возможность представить, обосновать и отстоять свою точку зрения, найти ответы на волнующие вопросы. Проблемы, рассматриваемые в пособии, настолько обширны и многогранны, что в процессе обсуждения могут возникнуть и другие аспекты, обсуждение которых потребует от студентов не только достаточного уровня владения немецким языком, но и активной жизненной позиции.
|
| 452 |
|
1 |
|0 (RuTPU)RU\TPU\book\176887
|t Miteinander leben in der Welt. Wie verhindern wir, dass aus Vielfalt Konfrontation wird - wie können wir friedlich und erfolgreich miteinander leben in der Welt?
|o учебно-методическое пособие
|f Т. И. Тимофеева
|g Томский политехнический университет (ТПУ), Институт языковой коммуникации (ИЯК)
|c Томск
|n Изд-во ТПУ
|d 2007
|s Учебники Томского политехнического университета
|a Тимофеева, Татьяна Ивановна
|
| 606 |
1 |
|
|a Немецкий язык
|x Для вузов
|x Пособия по развитию речи
|2 stltpush
|3 (RuTPU)RU\TPU\subj\45398
|9 64640
|
| 610 |
1 |
|
|a лексика
|
| 610 |
1 |
|
|a грамматика
|
| 610 |
1 |
|
|a разговорная речь
|
| 610 |
1 |
|
|a упражнения
|
| 686 |
|
|
|a Ш143.24-923.4
|v LBC/SL-A
|2 rubbk
|
| 700 |
|
1 |
|a Тимофеева
|b Т. И.
|g Татьяна Ивановна
|
| 712 |
0 |
2 |
|a Томский политехнический университет (ТПУ)
|b Институт языковой коммуникации (ИЯК)
|2 stltpush
|3 (RuTPU)RU\TPU\col\3881
|
| 801 |
|
1 |
|a RU
|b 63413507
|c 20060403
|g PSBO
|
| 801 |
|
2 |
|a RU
|b 63413507
|c 20140506
|g PSBO
|
| 942 |
|
|
|c BK
|